01231nam a2200253 a 450000100100000000500170001000800410002702000180006804000250008608200130011110000440012424501810016826000620034930000210041149000160043250000490044850000700049759000270056783000210059495201170061595201110073295201170084399900170096000004843420201002061142.0190315s2018 dr 000 0 spa d a9789945503371 aDO-SdBNPbspacBNPHU axxxbxxx1 aHernández Figueroa, Alfredo R.97585010a¡Pesadillas! :brelatos, cuentos y estampas basados en los mitos, creencias y leyendas de la región nordeste de la República Dominicana /cAlfredo R. Hernández Figueroa. aSanto Domingo, :bNacionalbMinisterio de Cultura,c2018. a142 p. ;c20 cm.1 aNarrativa ; a14a. feria regional del libro, Cotuí 2018. aIncluye datos biografícos del autor en la solapa de la portada. aInventariado, 2019/ YL 0aNarrativa911366 0010718DSaGRbGRcCTd2019-03-15iLF1l0oxxx xxxp48434-30r2020-06-25te. 3w2020-06-25yLFDSZNo se presta 0010718PDaPDbPDcCTd2019-03-15iLF1l0oxxx xxxp48434-10r2020-06-25w2020-06-25yLFPDZNo se presta 0010718PDaPDbPDcCTd2019-03-15iLF1l0oxxx xxxp48434-20r2020-06-25te. 2w2020-06-25yLFPDZNo se presta c47922d47922